Medición de la calidad de la educación básica: ¿por qué, cómo y para qué ?. Una propuesta sobre el mejoramiento de la calidad y las nuevas demandas de información

Saved in:
Bibliografiske detaljer
Corporate Authors: UNESCO (Author), REPLAD (Author)
Format: Bog
Sprog:spansk
Udgivet: Santiago UNESCO-OREALC 1992
Fag:
Tags: Tilføj Tag
Ingen Tags, Vær først til at tagge denne postø!

MARC

LEADER 00000nam a2200000 a 4500
001 UCW7414
003 CL-VaPUC
008 921210e19920000CL |||||||||||||||||spa|d
082 0 4 |a 370.11  |b UNE  |2 21 
110 2 |a UNESCO  |e author  |9 312560 
710 2 |a REPLAD  |e author  |9 312561 
245 1 0 |a Medición de la calidad de la educación básica: ¿por qué, cómo y para qué ?. Una propuesta sobre el mejoramiento de la calidad y las nuevas demandas de información 
300 |a v 
942 |c BK 
945 |d 19921210 00:00:00 
260 |a Santiago  |b UNESCO-OREALC  |c 1992 
650 0 |a Calidad de la educación   |9 307271 
583 |a last modification  |c 19921210 00:00:00  |k Rodrigo Vera 
999 |c 220176  |d 220174 
952 |0 0  |1 0  |4 0  |6 370_110000000000000_UNE_1992  |7 0  |8 P  |9 212067  |a BIBEDU  |b BIBEDU  |c BIBEDU_PB  |d 2019-11-15  |i 2803143  |o 370.11 UNE 1992  |p 2803143  |r 2024-01-25  |w 2019-11-15  |y BK  |k EDU 
952 |0 0  |1 0  |4 0  |6 370_110000000000000_UNE_1992  |7 0  |8 P  |9 212068  |a BIBEDU  |b BIBEDU  |c BIBEDU_PB  |d 2019-11-15  |h v.1  |i 3517446  |o 370.11 UNE 1992  |p 3517446  |r 2024-01-25  |w 2019-11-15  |y BK  |k BME 
952 |0 0  |1 0  |4 0  |6 370_110000000000000_UNE_1992  |7 0  |8 P  |9 212069  |a BIBEDU  |b BIBEDU  |c BIBEDU_PB  |d 2019-11-15  |h v.2  |i 3517454  |o 370.11 UNE 1992  |p 3517454  |r 2024-01-25  |w 2019-11-15  |y BK  |k BME 
952 |0 0  |1 0  |4 0  |6 370_110000000000000_UNE_1992  |7 0  |8 P  |9 212070  |a BIBEDU  |b BIBEDU  |c BIBEDU_PB  |d 2019-11-15  |h v.3  |i 3517462  |o 370.11 UNE 1992  |p 3517462  |r 2024-01-25  |w 2019-11-15  |y BK  |k BME 
952 |0 0  |1 0  |4 0  |6 370_110000000000000_UNE_1992  |7 0  |8 P  |9 212071  |a BIBEDU  |b BIBEDU  |c BIBEDU_PB  |d 2019-11-15  |h v.1  |i 4633334  |o 370.11 UNE 1992  |p 4633334  |r 2024-01-25  |w 2019-11-15  |y BK  |k EPE